000 00576nam a2200193Ia 4500
003 OSt
005 20200813131157.0
008 190216s9999||||xx |||||||||||||| ||und||
020 _a9788131728604
040 _coclc
082 _a541.220113
_bLEA/M
100 _aLeach, Andrew R
_94109
245 0 _aMolecular Modelling Principles And Applications /
_cAndrew R Leach
250 _a2nd Ed.
260 _bPearson Education Asia,
_c2015.
_aNew Delhi:
300 _a744p
650 _aChemistry
942 _cBK
_2ddc
_h541.220113
_iLEA/M
_k541.220113
_mLEA/M
999 _c3611
_d3611